Test de libros de La Biblia - Estadísticas

Estadísticas generales
  • Esta prueba ha sido intentada 1.675 veces
  • La puntuación promedio es 44 de 66
Estadísticas de respuestas
División Libro % Correcto
Pentateuco Génesis
98%
Pentateuco Éxodo
95%
Pentateuco Levítico
90%
Pentateuco Números
90%
Pentateuco Deuteronomio
88%
Evangelios Juan
85%
Evangelios Lucas
83%
Evangelios Mateo
83%
Poéticos Salmos
83%
Evangelios Marcos
82%
Históricos Rut
81%
Profético Apocalipsis
78%
Históricos 1 Reyes
77%
Históricos 2 Reyes
77%
Históricos Jueces
77%
Históricos Josué
76%
Poéticos Proverbios
76%
Profetas Mayores Isaías
74%
Profetas Mayores Jeremías
74%
Poéticos Job
74%
Históricos 1 Samuel
73%
Históricos 2 Samuel
73%
Históricos Ester
73%
Histórico Hechos
72%
Epístolas P. Romanos
72%
Profetas Mayores Daniel
70%
Históricos 1 Crónicas
69%
Históricos 2 Crónicas
69%
Profetas Mayores Ezequiel
67%
Poéticos Cantares
66%
Poéticos Eclesiastés
66%
Históricos Nehemías
66%
Epístolas P. 1 Corintios
64%
Epístolas P. 2 Corintios
64%
Epístolas Generales 2 Juan
64%
Epístolas Generales Judas
64%
Profetas Mayores Lamentaciones
64%
Epístolas Generales 1 Juan
63%
Históricos Esdras
62%
Profetas Menores Jonás
62%
Profetas Menores Malaquías
62%
Epístolas Generales 3 Juan
61%
Epístolas Generales 1 Pedro
59%
Epístolas Generales 2 Pedro
59%
Epístolas P. Filipenses
59%
Profetas Menores Habacuc
59%
Profetas Menores Oseas
59%
Profetas Menores Zacarías
59%
Profetas Menores Amós
58%
Epístolas P. Gálatas
58%
Epístolas P. Efesios
57%
Epístolas Generales Hebreos
57%
Profetas Menores Joel
56%
Epístolas P. Tito
55%
Epístolas P. 1 Tesalonicenses
54%
Profetas Menores Abdías
54%
Profetas Menores Nahúm
54%
Epístolas P. 2 Tesalonicenses
53%
Profetas Menores Miqueas
53%
Epístolas Generales Santiago
53%
Epístolas P. 1 Timoteo
52%
Epístolas P. 2 Timoteo
52%
Epístolas P. Colosenses
52%
Profetas Menores Sofonías
50%
Epístolas P. Filemón
48%
Profetas Menores Hageo
48%
No se encontraron pruebas coincidentes
Distribución de puntuación
Porcentaje de gente con cada puntuación
Porcentaje por número respondido
Historial de tus puntuaciones
No has intentado esta prueba.